000
00379nam a22001697a 4500
003
MPLRDC
005
20220104114400.0
008
210129b ||||| |||| 00| 0 eng d
082
_a
857.623 YDH
100
_a
余多幻著
245
_a
鬼域正传
_c
250
_a
再版
260
_a
_b
香港上海书局
_c
1970
300
_b
平
650
_a
942
_c
BK
_o
857.623 YDH
999
_c
7048
_d
7038